[Event "SLO-ch U16"]
[Site "Debeli Rtic"]
[Date "2012.02.24"]
[Round "9"]
[White "Koscak, Jan"]
[Black "Mikolic, Martin"]
[Result "1-0"]
[WhiteElo "1787"]
[BlackElo "1739"]
[PlyCount "75"]
[EventDate "2012.02.18"]
[EventType "swiss"]
[EventRounds "9"]
[EventCountry "SLO"]
[SourceTitle "EXT 2022"]
[Source "ChessBase"]
[SourceDate "2021.10.06"]
[SourceVersion "1"]
[SourceVersionDate "2021.10.06"]
[SourceQuality "1"]

1. d4 f5 2. c4 Nf6 3. Nf3 g6 4. g3 Bg7 5. Bg2 0-0 6. 0-0 d6 7. Nc3 Qe8 8. d5 a5 9. Nd4 Na6 10. e4 fxe4 11. Nxe4 Nxe4 12. Bxe4 Nc5 13. Bg2 e5 14. dxe6 Nxe6 15. Nxe6 Bxe6 16. Bxb7 Rb8 17. Bd5 c6 18. Bxe6+ Qxe6 19. Rb1 Qxc4 20. b3 Qe6 21. Bf4 Rbd8 22. Re1 Qf5 23. Qd2 h6 24. h4 Kh7 25. Rbc1 c5 26. Re7 Rf7 27. Rxf7 Qxf7 28. Qxa5 Qf6 29. Qd2 Qf5 30. Be3 Bf6 31. Bxh6 Bxh4 32. gxh4 Qg4+ 33. Kf1 Re8 34. Be3 Qf3 35. a4 d5 36. Rxc5 Qh3+ 37. Ke2 Qg4+ 38. Kd3 1-0

[Event "Graz op 18th"]
[Site "Graz"]
[Date "2011.09.03"]
[Round "8"]
[White "Koscak, Jan"]
[Black "Matosec, Thomas"]
[Result "0-1"]
[WhiteElo "1783"]
[BlackElo "2070"]
[PlyCount "46"]
[EventDate "2011.08.27"]
[EventType "swiss"]
[EventRounds "9"]
[EventCountry "AUT"]
[SourceTitle "CBM 144 Extra"]
[Source "ChessBase"]
[SourceDate "2011.10.28"]
[SourceVersion "1"]
[SourceVersionDate "2011.10.28"]
[SourceQuality "1"]

1. d4 g6 2. Nf3 Bg7 3. c4 d6 4. Nc3 c5 5. d5 Bxc3+ 6. bxc3 f5 7. g3 Nf6 8. Qb3 Nbd7 9. Bg2 Qa5 10. 0-0 Nb6 11. Nd2 Bd7 12. f4 Qa4 13. Rb1 0-0-0 14. Re1 Rhe8 15. h3 Kc7 16. Kh2 e6 17. Qxa4 Bxa4 18. Bb2 exd5 19. cxd5 Nfxd5 20. c4 Ne3 21. Rbc1 Nc2 22. Rxc2 Bxc2 23. e4 fxe4 0-1

[Event "Nova Gorica op-A 16th"]
[Site "Nova Gorica"]
[Date "2011.02.02"]
[Round "8"]
[White "Suc, Timothy"]
[Black "Koscak, Jan"]
[Result "1-0"]
[WhiteElo "2042"]
[BlackElo "1645"]
[PlyCount "75"]
[EventDate "2011.01.28"]
[EventType "swiss"]
[EventRounds "9"]
[EventCountry "SLO"]
[SourceTitle "CBM 140 Extra"]
[Source "ChessBase"]
[SourceDate "2011.03.01"]
[SourceVersion "1"]
[SourceVersionDate "2011.03.01"]
[SourceQuality "1"]

1. c4 e5 2. g3 Nf6 3. Bg2 d5 4. cxd5 Nxd5 5. Nf3 Nc6 6. 0-0 Be7 7. d4 e4 8. Ne1 f5 9. f3 e3 10. f4 Bf6 11. Nc3 Be6 12. Nf3 0-0 13. Ne5 Re8 14. a3 a5 15. Qd3 g6 16. Rd1 Kg7 17. Bxe3 Nce7 18. Bf2 c6 19. Rac1 h6 20. Re1 Rc8 21. h3 h5 22. Na4 Rb8 23. Nc5 Bc8 24. e4 fxe4 25. Nxe4 Bf5 26. Qd2 Ng8 27. g4 Bxe5 28. dxe5 hxg4 29. hxg4 Bxg4 30. Nd6 Rf8 31. Bxd5 cxd5 32. Qxd5 Rxf4 33. Bd4 Be6 34. Ne8+ Qxe8 35. Rc7+ Rf7 36. Qd6 Qd8 37. Rxf7+ Bxf7 38. e6+ 1-0

[Event "Nova Gorica op-A 16th"]
[Site "Nova Gorica"]
[Date "2011.02.01"]
[Round "7"]
[White "Koscak, Jan"]
[Black "Pavlic, Petra"]
[Result "1-0"]
[WhiteElo "1645"]
[BlackElo "1528"]
[PlyCount "48"]
[EventDate "2011.01.28"]
[EventType "swiss"]
[EventRounds "9"]
[EventCountry "SLO"]
[SourceTitle "CBM 140 Extra"]
[Source "ChessBase"]
[SourceDate "2011.03.01"]
[SourceVersion "1"]
[SourceVersionDate "2011.03.01"]
[SourceQuality "1"]

1. d4 f5 2. Nf3 d6 3. c4 Nf6 4. Nc3 g6 5. g3 Bg7 6. Bg2 0-0 7. 0-0 Nbd7 8. Ng5 Nb8 9. Qb3 c6 10. d5 h6 11. c5 Kh8 12. dxc6 Nxc6 13. Nf7+ Rxf7 14. Qxf7 Kh7 15. cxd6 Qxd6 16. Qb3 a6 17. Rd1 Qc7 18. Nd5 Nxd5 19. Bxd5 Nd4 20. Qc4 Qe5 21. e3 Nb5 22. Bg8+ Kh8 23. Rd8 Nd6 24. Bh7+ Bf8 1-0

[Event "Nova Gorica op-A 16th"]
[Site "Nova Gorica"]
[Date "2011.01.30"]
[Round "5"]
[White "Zamar Kodelja, Jurij"]
[Black "Koscak, Jan"]
[Result "1/2-1/2"]
[WhiteElo "1644"]
[BlackElo "1645"]
[PlyCount "89"]
[EventDate "2011.01.28"]
[EventType "swiss"]
[EventRounds "9"]
[EventCountry "SLO"]
[SourceTitle "CBM 140 Extra"]
[Source "ChessBase"]
[SourceDate "2011.03.01"]
[SourceVersion "1"]
[SourceVersionDate "2011.03.01"]
[SourceQuality "1"]

1. e4 e5 2. Nf3 Nc6 3. d4 exd4 4. Bc4 Nf6 5. e5 d5 6. Bb5 Ne4 7. Nxd4 Bd7 8. Bxc6 bxc6 9. 0-0 Bc5 10. f3 Ng5 11. f4 Ne4 12. Be3 Bb6 13. Nc3 Nxc3 14. bxc3 Qe7 15. Qf3 h5 16. Qf2 a5 17. Nb3 Bxe3 18. Qxe3 a4 19. Nc5 Bf5 20. Nd3 0-0 21. Nb4 Qd7 22. Qc5 Rfe8 23. Nxc6 Bxc2 24. Rfc1 Be4 25. Rd1 Qg4 26. Rd2 Qxf4 27. Rf2 Qg5 28. Nb4 Qxe5 29. Raf1 f6 30. c4 dxc4 31. Qxc4+ Qe6 32. Qxc7 Qe7 33. Qc4+ Qf7 34. Qc5 Rec8 35. Qe3 Bd5 36. Qg3 Rab8 37. Nxd5 Qxd5 38. Kh1 Qg5 39. Qa3 Qc5 40. Qg3 Qc7 41. Qg6 Qf7 42. Qe4 Qa7 43. h3 a3 44. Qg6 Qf7 45. Qg3 1/2-1/2

[Event "SLO-ch U20"]
[Site "Pohorje"]
[Date "2010.06.28"]
[Round "5"]
[White "Koscak, Jan"]
[Black "Bratkovic, Sham"]
[Result "0-1"]
[WhiteElo "1708"]
[BlackElo "1727"]
[PlyCount "90"]
[EventDate "2010.06.25"]
[EventType "swiss"]
[EventRounds "7"]
[EventCountry "SLO"]
[SourceTitle "CBM 137 Extra"]
[Source "ChessBase"]
[SourceDate "2010.09.01"]
[SourceVersion "1"]
[SourceVersionDate "2010.09.01"]
[SourceQuality "1"]

1. d4 d5 2. c4 dxc4 3. Nf3 Nf6 4. e3 e6 5. Bxc4 Nbd7 6. Nc3 c5 7. d5 exd5 8. Nxd5 Be7 9. 0-0 0-0 10. Nxe7+ Qxe7 11. Qc2 a6 12. b3 b6 13. Bb2 Bb7 14. Nd2 Ne5 15. Be2 Rad8 16. Rad1 Qc7 17. Qf5 Rfe8 18. Nf3 Neg4 19. g3 Re4 20. Rxd8+ Qxd8 21. Rd1 Qe7 22. Nd2 g6 23. Bxf6 Nxf6 24. Qg5 Re5 25. Qf4 Rf5 26. Qb8+ Kg7 27. Qa7 Nd5 28. Nf1 Nc3 29. Bxa6 Nxd1 30. Qxb7 Qxb7 31. Bxb7 Rxf2 32. a4 Rb2 33. Bd5 Nc3 34. Bc4 Ne2+ 35. Kh1 Nc1 36. e4 Nxb3 37. Ne3 Nd2 38. Bd5 Rb4 39. Bc6 Nxe4 40. Bxe4 Rxe4 41. Nd5 Rxa4 42. Nxb6 Rd4 43. Kg2 c4 44. Kf3 c3 45. Ke3 c2 0-1

[Event "SLO-ch U14"]
[Site "Rogaska Slatina"]
[Date "2010.02.22"]
[Round "3"]
[White "Koscak, Jan"]
[Black "Bratkovic, Sham"]
[Result "1-0"]
[WhiteElo "1708"]
[BlackElo "1599"]
[PlyCount "103"]
[EventDate "2010.02.21"]
[EventType "swiss"]
[EventRounds "9"]
[EventCountry "SLO"]
[SourceTitle "EXT 2015"]
[Source "ChessBase"]
[SourceDate "2014.11.20"]
[SourceVersion "1"]
[SourceVersionDate "2014.11.20"]
[SourceQuality "1"]

1. d4 e6 2. c4 Nf6 3. Nf3 b6 4. a3 Bb7 5. Nc3 d5 6. cxd5 Nxd5 7. Bd2 Be7 8. Qc2 Nxc3 9. Bxc3 Nd7 10. d5 Bf6 11. dxe6 fxe6 12. Rd1 Qe7 13. e3 0-0 14. Bb5 c6 15. Bb4 Nc5 16. Bc4 a5 17. Bxc5 bxc5 18. a4 Ba6 19. b3 Bxc4 20. Qxc4 Bb2 21. 0-0 Ba3 22. Ne5 Rac8 23. Qa6 Qc7 24. f4 Rb8 25. Qc4 Rfe8 26. Rd7 Qb6 27. Rb1 Rb7 28. Rd6 Kh8 29. Rxe6 Qd8 30. Rxc6 Qe7 31. Rd1 Bb2 32. Rxc5 Bxe5 33. Rxe5 Qf8 34. Rdd5 Rb4 35. Rxe8 Qxe8 36. Qd3 Rb8 37. e4 Qe7 38. e5 Rc8 39. Qd2 Qa7+ 40. Kh1 Qc7 41. h3 Qe7 42. e6 h6 43. f5 Qf6 44. Qd1 Qg5 45. Qg4 Qf6 46. Rxa5 Rc1+ 47. Kh2 Qd8 48. e7 Qe8 49. Re5 Rc7 50. Qg6 Rc8 51. Qxe8+ Rxe8 52. a5 1-0

[Event "SLO-ch U12"]
[Site "Postojna"]
[Date "2008.03.01"]
[Round "9"]
[White "Hrovat, Miha"]
[Black "Koscak, Jan"]
[Result "0-1"]
[WhiteElo "1500"]
[BlackElo "1500"]
[PlyCount "62"]
[EventDate "2008.02.24"]
[EventType "swiss"]
[EventRounds "9"]
[EventCountry "SLO"]
[SourceTitle "EXT 2010"]
[Source "ChessBase"]
[SourceDate "2010.11.25"]
[SourceVersion "1"]
[SourceVersionDate "2010.11.25"]
[SourceQuality "1"]

1. e4 e5 2. Nf3 Nf6 3. Nc3 Bb4 4. d3 Bxc3+ 5. bxc3 d6 6. Be2 0-0 7. 0-0 Re8 8. Re1 Nbd7 9. Bd2 Nf8 10. h3 Ng6 11. Nh2 Bd7 12. Ng4 Nxg4 13. Bxg4 Bxg4 14. Qxg4 Qc8 15. Qxc8 Raxc8 16. Be3 h6 17. Bxa7 b6 18. Rab1 Ra8 19. Bxb6 cxb6 20. Rxb6 Rxa2 21. Rc1 Rd8 22. d4 Nf4 23. Kf1 Rda8 24. dxe5 dxe5 25. g3 Nxh3 26. Kg2 Ng5 27. Rb5 Nxe4 28. Rxe5 Nxc3 29. Re3 Nd5 30. Ra3 R8xa3 31. c4 Nf6 0-1

[Event "SLO-ch U12"]
[Site "Postojna"]
[Date "2008.02.28"]
[Round "7"]
[White "Petrovcic, Peter"]
[Black "Koscak, Jan"]
[Result "1-0"]
[WhiteElo "1500"]
[BlackElo "1500"]
[PlyCount "166"]
[EventDate "2008.02.24"]
[EventType "swiss"]
[EventRounds "9"]
[EventCountry "SLO"]
[SourceTitle "EXT 2010"]
[Source "ChessBase"]
[SourceDate "2010.11.25"]
[SourceVersion "1"]
[SourceVersionDate "2010.11.25"]
[SourceQuality "1"]

1. e4 e5 2. Nf3 Nf6 3. Bc4 Nxe4 4. Qe2 d5 5. Bb3 Nc6 6. d3 Nf6 7. Nxe5 Nxe5 8. Qxe5+ Qe7 9. d4 c6 10. 0-0 Qxe5 11. dxe5 Nd7 12. Re1 Nb6 13. Nc3 Be7 14. Bf4 0-0 15. a3 Be6 16. Rad1 Rac8 17. Ne2 c5 18. c3 Rfd8 19. h3 Bf5 20. Ng3 Bg6 21. e6 f6 22. Ne2 a5 23. Rd2 a4 24. Ba2 Kh8 25. b4 axb3 26. Bxb3 c4 27. Bc2 Bxc2 28. Rxc2 Rc5 29. Rb2 Nc8 30. Rxb7 Rc6 31. Nd4 Rb6 32. Rd7 Re8 33. Nf5 g5 34. Nxe7 Nxe7 35. Bc7 Ra6 36. Bd6 Nc8 37. e7 Nxd6 38. Rd8 Kg7 39. Re6 Kf7 40. Rexd6 Rxd6 41. Rxd6 Rxe7 42. Rxd5 Ra7 43. Rc5 Ra4 44. g3 Ke6 45. Rc6+ Kf5 46. Kg2 h5 47. Kf3 g4+ 48. hxg4+ hxg4+ 49. Ke3 Kg5 50. Kd4 Rxa3 51. Rxc4 Ra8 52. Rc5+ f5 53. Rc7 Re8 54. Kd3 Rd8+ 55. Ke2 Re8+ 56. Kf1 Kf6 57. c4 Ke6 58. Rc5 Rf8 59. Ke2 Kd6 60. Rd5+ Kc6 61. Ke3 Re8+ 62. Kf4 Re4+ 63. Kxf5 Rxc4 64. Rd2 Kc7 65. Rd3 Kc6 66. f3 gxf3 67. Rxf3 Kd7 68. Re3 Rc6 69. g4 Kd8 70. g5 Rc1 71. Kf6 Rf1+ 72. Kg7 Kd7 73. g6 Rh1 74. Kg8 Kd8 75. g7 Kd7 76. Re5 Kd6 77. Re4 Kd7 78. Ra4 Ke7 79. Re4+ Kd7 80. Kf7 Rf1+ 81. Kg6 Rg1+ 82. Kf6 Kd8 83. Rd4+ Ke8 1-0